<?xml version="1.0" encoding="UTF-8"?>
<record
    xmlns:xsi="http://www.w3.org/2001/XMLSchema-instance"
    xsi:schemaLocation="http://www.loc.gov/MARC21/slim http://www.loc.gov/standards/marcxml/schema/MARC21slim.xsd"
    xmlns="http://www.loc.gov/MARC21/slim">

  <leader>00793nab a2200229 uc4500</leader>
  <controlfield tag="001">689776</controlfield>
  <controlfield tag="005">20260217101134.0</controlfield>
  <controlfield tag="008">010910s1999                        spa  </controlfield>
  <datafield tag="035" ind1=" " ind2=" ">
    <subfield code="a">689776</subfield>
  </datafield>
  <datafield tag="035" ind1=" " ind2=" ">
    <subfield code="a">(OCoLC)819915758</subfield>
  </datafield>
  <datafield tag="040" ind1=" " ind2=" ">
    <subfield code="c">comduadb</subfield>
  </datafield>
  <datafield tag="041" ind1=" " ind2=" ">
    <subfield code="a">spa</subfield>
  </datafield>
  <datafield tag="100" ind1="1" ind2="0">
    <subfield code="a">Cruz Calderon, Harold de la</subfield>
    <subfield code="4">aut</subfield>
    <subfield code="e">aut</subfield>
    <subfield code="9">342872</subfield>
  </datafield>
  <datafield tag="245" ind1="1" ind2="3">
    <subfield code="a">La vulnerabilidad de la estrategia de precios en las PYMES del subsector del plastico en la ciudad de Cali</subfield>
  </datafield>
  <datafield tag="650" ind1=" " ind2="7">
    <subfield code="a">Vulnerabilidad</subfield>
    <subfield code="2"></subfield>
    <subfield code="9">61749</subfield>
  </datafield>
  <datafield tag="650" ind1=" " ind2="7">
    <subfield code="a">Peque&#xF1;a y mediana empresa</subfield>
    <subfield code="2">armarc</subfield>
    <subfield code="9">114964</subfield>
  </datafield>
  <datafield tag="650" ind1=" " ind2=" ">
    <subfield code="a">Industria del pl&#xE1;stico</subfield>
    <subfield code="9">103247</subfield>
  </datafield>
  <datafield tag="650" ind1=" " ind2=" ">
    <subfield code="a">Cali (Colombia)</subfield>
    <subfield code="9">59025</subfield>
  </datafield>
  <datafield tag="650" ind1=" " ind2="7">
    <subfield code="a">Competitividad</subfield>
    <subfield code="2">lemb</subfield>
    <subfield code="9">37811</subfield>
  </datafield>
  <datafield tag="773" ind1="0" ind2=" ">
    <subfield code="t">Informador T&#xE9;cnico (Cali)</subfield>
    <subfield code="g">No. 59, Ene. 1999, p. 49-52</subfield>
    <subfield code="w">121056</subfield>
    <subfield code="z">0122056X</subfield>
    <subfield code="0">69439</subfield>
  </datafield>
  <datafield tag="942" ind1=" " ind2=" ">
    <subfield code="c">ARIMP</subfield>
  </datafield>
  <datafield tag="999" ind1=" " ind2=" ">
    <subfield code="c">218004</subfield>
    <subfield code="d">218004</subfield>
  </datafield>
</record>
